PADİŞAHIN KAYIP KIZLARI (Record no. 1300101)
[ view plain ]
| 000 -LEADER | |
|---|---|
| sabit uzunluktaki kontrol alanı | 00262nam a2200097Ia 4500 |
| 001 - KONTROL NUMARASI | |
| kontrol alanı | 1300101 |
| 005 - EN SON İŞLEMİN TARİH VE ZAMANI | |
| kontrol alanı | 20260420095857.0 |
| 008 - SABİT-UZUNLUKTA VERİ ÖĞELERİ--GENEL BİLGİ | |
| sabit uzunluktaki kontrol alanı | 260420s9999 xx 000 0 und d |
| 245 #0 - ESER / YAZAR | |
| ESER ADI | PADİŞAHIN KAYIP KIZLARI |
| Yazar Adı | MÜNİRE DANİŞ |
| 260 ## - YAYIN, DAĞITIM, VB. | |
| YAYIN EVİ | TİMAŞ ÇOCUK YAYINLARI |
| Düşüm durumu | Kayıp durumu | Hasar Durumu | Ödünç verilmez | Ana kütüphane | Geçerli Kütüphane | Edinilen tarih | Toplam ödünç verme sayısı | Barkod | Son görüntüleme tarihi | Fiyatın geçerli olmaya başladığı tarih | Koha materyal türü |
|---|---|---|---|---|---|---|---|---|---|---|---|
| ŞERİFE AKKANAT İLKOKULU | ŞERİFE AKKANAT İLKOKULU | 20.04.2026 | 11055079 | 20.04.2026 | 20.04.2026 | Books |